| 000 | 014830000a22003490004500 | ||
|---|---|---|---|
| 003 | EG-GICUC | ||
| 005 | 20250223030553.0 | ||
| 008 | 070106s2003 ua f m 000 0 eng d | ||
| 040 |
_aEG-GICUC _beng _cEG-GICUC |
||
| 041 | 0 | _aEng | |
| 049 | _aDeposite | ||
| 097 | _aM.A | ||
| 099 | _aCai01.02.12.M.A.2003.Ha.F | ||
| 100 | 0 | _aHatem Abd El Razk Zaharan | |
| 245 | 1 | 0 |
_aFamily relationships in A doll's house , the Family Reunion and death of a salesman / _cHatem Abd El Razk Zaharan ; Supervised Ibrahim Mohamed Maghraby , Eman Gad Kandeel |
| 246 | 1 | 5 | _aدراسة موضوعية لموضوع العلاقات الاسرية عند ابسن واليوت وميلر بالاشارة الى مسرحية (بيت الدمية) لإبسن : (عودة التلاف العائلة) لإليوت و (وفاة بائع جوال) لميلر |
| 260 |
_aCairo : _bHatem Abd El Razk Zaharan , _c2003 |
||
| 300 |
_a105P ; _c25cm |
||
| 502 | _aThesis (M.A.) - Cairo University - Beni Suef Branch - Faculty Of Arts - Department Of English | ||
| 530 | _aIssued also as CD | ||
| 653 | 4 | _aDoll's by Ibsen | |
| 653 | 4 | _aFamily relationships | |
| 653 | 4 | _aFamily reunion Eliot | |
| 653 | 4 | _aIbsen , Eliot , and Miller | |
| 653 | 4 | _aSalesman Miller | |
| 700 | 0 |
_aEman Gad Kandeel , _eSupervisor |
|
| 700 | 0 |
_aIbrahim Mohamed Maghraby , _eSupervisor |
|
| 856 | _uhttp://172.23.153.220/th.pdf | ||
| 905 |
_aMustafa _eRevisor |
||
| 905 |
_aSamia _eCataloger |
||
| 942 |
_2ddc _cTH |
||
| 999 |
_c37489 _d37489 |
||